Mathématiques par lettre - B - Statistiques

Statistiques générales
  • Ce quiz a été pris 558 fois
    545 depuis la dernière actualisation
  • Le résultat moyen est 7 sur 15
Statistiques - réponses
Hint Réponse % Correct
Manière de compter des ordinateurs Binaire
89%
8 d'entre eux en font un octet Bit
83%
Demi droite partageant un angle en deux parties égales Bissectrice
77%
10^12 Billion
73%
Coefficient qui donne le nombre de parties à k éléments dans un ensemble de n éléments Binomial
73%
Partie majorée et minorée Bornée
62%
Fonction telle que pour toute valeur de cette fonction, il existe une unique valeur d'origine Bijective
59%
Loi de probabilité Bernoulli
51%
Centre d'une figure géométrique dont chaque sommet est doté d'une pondération Barycentre
46%
Théorème sur les nombres premiers Bézout
33%
Mouvement erratique, aléatoire, dans tous les sens Brownien
26%
Variable qui prend la valeur 0 ou 1 exclusivement Booléenne
23%
Équation de la forme ax^4 + bx^2 + c = 0 Bicarrée
22%
Courbe élémentaire utilisée en conception assistée par ordinateur Bézier/b-spline
12%
Manière de compter par puissances de 10 Base décimale
3%
Aucun quiz correspondant
Distribution des résultats
% des personnes avec chaque résultat
Percentile par nombre de réponses
Votre historique - résultats
Vous n’avez pas pris ce quiz depuis la dernière actualisation